000 01308cam a2200265 4500
001 M938
008 090401t1991 xxu||||| |||| 00| 0 eng d
035 _a(Sirsi) u6509
041 _aeng
050 _a711.1
_c18
110 _aJournal of Planning and Environment Law
_92913
245 4 _aThe planning balance in the 1990s
_bpapers from a conference held at Oxford, September 1991, organised by the Bar Council, the Law Society and the Royal Institution of Chartered Surveyors
260 _aLondon
_bSweet and Maxwell
_c1991
300 _aii, 143p.
_c25cm.
350 _a0
490 _aJournal of Planning and Environment Law Occasional Paper
_v18
520 _aPapers:- Town and country planning and environmental protection/ Tromans, S. - Striking the balance between economic forces and environmental constraint/ Davies, E.J. - Betterment again!/ Grant, Malcolm - Compensation and valuation matters/ Horton, M.B. - Compensation and valuation matters-the practice/ Eve, J.R. Trustram - Lawful use and development-checks and balances/ Carnwath, R. - Is the planning system now up to the job/ Simmons, M.
650 _aCOMPENSATION
650 _aEnvironment
_96238
650 _aPLANNING
650 _aValuation
_96273
690 _aPLANNING LAW AND PRACTICE
942 _n0
948 _c04/03/1997
999 _c86319
_d86319